| 000 | 00466nam a22001937a 4500 | ||
|---|---|---|---|
| 003 | MPLRDC | ||
| 005 | 20220104143841.0 | ||
| 008 | 210129b ||||| |||| 00| 0 eng d | ||
| 020 | _a957-627-469-9 | ||
| 082 | _a360.3 LLF | ||
| 100 | _a罗辽复 | ||
| 245 |
_a物理学家看生命 _c |
||
| 250 | _a初版 | ||
| 260 |
_a _b牛顿 _c1995 |
||
| 300 | _b平 | ||
| 490 | _a新世纪物理研习丛书. 5 | ||
| 650 | _a生物科学总论 | ||
| 942 |
_cBK _o360.3 LLF |
||
| 999 |
_c43967 _d43957 |
||